Cheap Thrills - Sia Feat. Sean Paul - All Lyrics - Statistics

General Stats
  • This quiz has been taken 70 times
  • The average score is 450 of 599
Answer Stats
Answer % Correct
I
98%
(I
98%
'na
98%
on,
98%
on
98%
di
97%
Di
97%
La,
97%
la,
97%
la
97%
the
97%
Come
93%
come
93%
it,
93%
it
93%
Oh,
93%
oh,
93%
oh
93%
(Oh)
93%
a
92%
be
92%
cheap
92%
got
92%
It's
92%
thrills)
92%
an'
90%
and
90%
baby
90%
Baby,
90%
kotch
90%
my
90%
do
88%
fi
88%
long
88%
put
88%
dan
87%
Friday
87%
nah
87%
need
87%
radio
87%
(Sia)
87%
love
85%
night
85%
to
85%
turn
85%
won't
85%
you,
85%
you
85%
yuh
85%
don't
83%
Gotta
83%
Mek
83%
mek
83%
tonight
83%
fun
82%
have
82%
hit
82%
Hit
82%
No,
82%
no
82%
all
80%
Dance
80%
dance
80%
hair,
80%
ain't
78%
As
78%
as
78%
bills
78%
dollar
78%
But
77%
floor
77%
girl
77%
girl,
77%
make-up
77%
money
77%
(Sia)
77%
'Til
77%
Up
77%
up
77%
beat
75%
feel
75%
can
73%
cash,
72%
cash
72%
Saturday
70%
with
70%
mi
67%
Mi
67%
me)
65%
Me
65%
me
65%
dancing
63%
high
63%
heels
62%
jus
60%
(Just
60%
keep
60%
nails,
58%
Get
52%
get
52%
more
48%
paint
47%
Rock
47%
You're
47%
(Bada
45%
bang,
45%
bang)
45%
diamond,
45%
gold
43%
in
40%
'Cause
38%
tek
38%
control
35%
worth
35%
weh
33%
Bounce
32%
see
30%
Show
30%
dem
28%
this
27%
Free
23%
(Free)
23%
play
23%
Wan'
23%
what
23%
Becah
18%
Drop
18%
hide
18%
nothin'
17%
seek
17%
outta
15%
pocket
15%
world
15%
yourself,
15%
energy
12%
wine
12%
ting
10%
repeat,
8%
touch
8%
selector
7%
weak,
7%
anytime
5%
'pon
5%
pull
5%
No matching quizzes found
Score Distribution
Percent of People with Each Score
Percentile by Number Answered
Your Score History
You have not taken this quiz